000 00308nam a2200121 a 4500
005 20140513081046.0
008 020924s19uu xx 00 eng d
050 _aVCD
_bBi592 1983
245 _aBig and little in and out.
260 _aPhilippines :
_bViva Video,
_c1983.
440 _aBarney
999 _c116171
_d116171